Statistics for Countries-Capital Cities sharing at most 1 letter

Click here to take the quiz!

General Stats

  • This quiz has been taken 45 times
  • The average score is 20 of 36

Answer Stats

capital% Correct
Japan
84%
Lima
84%
Peru
84%
Tokyo
84%
Italy
78%
Rome
78%
Fiji
72%
Cairo
69%
Egypt
69%
Suva
69%
Laos
63%
Chile
59%
Sana'a
59%
Santiago
59%
Yemen
59%
Liechtenstein
53%
Stockholm
53%
Sweden
53%
Vaduz
53%
Vientiane
50%
Belarus
47%
Minsk
47%
Morocco
47%
Rabat
47%
Chisinau
44%
Moldova
44%
Montevideo
44%
Uruguay
44%
Jamaica
41%
Kingston
41%
Seychelles
31%
Victoria
31%
Gabon
28%
Kosovo
28%
Libreville
28%
Pristina
25%

Score Distribution

Percentile by Number Answered

Percent of People with Each Score

Your Score History

You have not taken this quiz